|
|
|
|
| LEADER |
00000nab a2200000 a 4500 |
| 001 |
vtls000413627 |
| 003 |
SK-MaSNL |
| 005 |
20260304082603.0 |
| 008 |
250424c1991 xo 0 slo |
| 015 |
|
|
|a SNBRB19rr/mm-uuuuu
|
| 035 |
|
|
|a CL0413752
|
| 035 |
|
|
|a urn:nbn:sk:snk-abenso
|
| 035 |
|
|
|a (urnnbn)urn:nbn:sk:snk:ar-000fct
|
| 035 |
|
|
|a (uuid)c68f4a42-09f5-4205-a0c3-6694f24a0dd9
|
| 040 |
|
|
|a SNKBUCL
|b slo
|c SNKBUCL
|e AACR2
|
| 041 |
0 |
|
|a cze
|
| 044 |
|
|
|a xo
|c SK
|
| 080 |
|
|
|a 800.853:82.081
|2 1981
|
| 080 |
|
|
|a 82.081
|2 1981
|
| 080 |
|
|
|a 82.081(048)
|2 1981
|
| 100 |
1 |
|
|a Trávníček, Jiří,
|d 1960-
|4 aut
|9 255569
|
| 245 |
1 |
0 |
|a Jazyková tvořivost a metafora... a recenzentovy rozpaky
|c Jiří Trávníček
|
| 650 |
0 |
7 |
|a metafora
|2 snkbucl
|9 26964
|
| 655 |
|
7 |
|a články z novín a časopisov
|2 snkbucl
|9 267496
|
| 700 |
1 |
|
|a Krupa, Viktor,
|d 1936-2021
|4 aut
|9 5206
|
| 773 |
0 |
|
|t Slovenské pohľady
|g Roč. 107, č. 3 (1991), s. 131-132
|
| 787 |
0 |
8 |
|i Rec.:
|a Krupa, Viktor
|t Metafora na rozhraní vedeckých disciplín
|d Bratislava : Tatran, 1990
|
| 850 |
|
|
|a Slovenská národná knižnica
|
| 852 |
|
|
|a Slovenská národná knižnica
|
| 958 |
|
|
|a article27
|
| 958 |
|
|
|a RK
|
| 958 |
|
|
|a CZ
|
| 958 |
|
|
|a OND
|
| 958 |
|
|
|a EUIPO
|
| 992 |
|
|
|a RBX
|
| 999 |
|
|
|c 2797113
|d 2799043
|